000 00508nam a2200217Ia 4500
003 OSt
005 20220924134831.0
006 a|||||r|||| 00| 0
007 ta
008 220923b |||||||| |||| 00| 0 ben d
024 _a287517
037 _cTextual
040 _aARTS
_cARTS
_bben
041 _2ben
_aben
082 _aD3, 157M0
100 _aSanyal N.
_9209363
245 0 _aGramer badi
260 _c1980
942 _hD3, 157M0
_cTEXL
_2CC
999 _c438811
_d438811